[Event "4NCL Online Division 5"]
[Site "online"]
[Date "2020.04.28"]
[Round "4.164"]
[White "Adatia, Amar"]
[Black "Fellowes, Billy"]
[Result "0-1"]
[WhiteElo "1247"]
[BlackElo "1555"]
[PlyCount "148"]
[EventDate "2020.04.28"]
[WhiteTeam "Streatham C"]
[BlackTeam "Warwickshire Bears B"]

1. e4 c5 2. Nf3 Nc6 3. d4 cxd4 4. Nxd4 e6 5. c4 Qb6 6. Nc2 Bc5 7. Qd2 Nf6 8.
Nc3 O-O 9. b3 Bb4 10. Bb2 Nxe4 11. Qd3 Qxf2+ 12. Kd1 d5 13. cxd5 exd5 14. Rc1
Bg4+ 15. Ne2 Qg1 16. Qxe4 Qxh1 17. Qxg4 Qxf1+ 18. Ne1 Qxe1+ 19. Kc2 Qd2+ 20.
Kb1 f6 21. Nf4 Ne5 22. Qg3 Rac8 23. Nh5 Qd3+ 24. Qxd3 Nxd3 25. Rxc8 Rxc8 26.
Ng3 Bc3 27. Ba3 Bb4 28. Bb2 Nxb2 29. Kxb2 Bd6 30. Nf5 Be5+ 31. Ka3 Kf8 32. g3
a5 33. Ne3 a4 34. Nxd5 axb3 35. axb3 Ra8+ 36. Kb4 Bd6+ 37. Kc4 Ra2 38. h3 Bxg3
39. Nb4 Ra1 40. Nd3 f5 41. Kb5 f4 42. Ne5 Be1 43. b4 Bc3 44. Nd7+ Ke7 45. Nc5
f3 46. Nd3 Rd1 47. Nf2 Bd4 48. Nxd1 f2 49. Nxf2 Bxf2 50. Kc4 b6 51. Kd5 Kf6 52.
Ke4 Kg5 53. Kf3 Bd4 54. Kg3 h5 55. Kh2 Kf4 56. Kg2 h4 57. b5 g5 58. Kh2 g4 59.
Kg2 g3 60. Kh1 Ke4 61. Kg2 Kd5 62. Kf3 Kc5 63. Kg2 Kxb5 64. Kf3 Kc4 65. Kg4 b5
66. Kxh4 b4 67. Kxg3 b3 68. h4 b2 69. h5 b1=Q 70. Kg4 Qh7 71. Kg5 Kd5 72. h6
Be3+ 73. Kf6 Qxh6+ 74. Kf5 Qg5# 0-1

[Event "4NCL Online Division 5"]
[Site "online"]
[Date "2020.04.28"]
[Round "4.171"]
[White "Knight, Daniel"]
[Black "Whelan, Joseph"]
[Result "1/2-1/2"]
[WhiteElo "1697"]
[BlackElo "1358"]
[PlyCount "82"]
[EventDate "2020.04.28"]
[WhiteTeam "Uxbridge Knights"]
[BlackTeam "4 Gems"]

1. d4 e6 2. Bf4 d6 3. Nf3 Nf6 4. e3 Nbd7 5. Be2 Be7 6. Nc3 a6 7. O-O O-O 8. e4
Nb6 9. Qd2 Bd7 10. Rfe1 Bc6 11. Bd3 Nh5 12. Be3 f5 13. exf5 exf5 14. d5 Bd7 15.
Bxb6 cxb6 16. Nd4 Bg5 17. Qe2 Nf4 18. Qf1 Qc8 19. g3 Nxd3 20. Qxd3 f4 21. Ne6
Bxe6 22. dxe6 fxg3 23. hxg3 Be7 24. Nd5 Qd8 25. Rad1 Rc8 26. Nxe7+ Qxe7 27.
Qxd6 Qxd6 28. Rxd6 Rxc2 29. e7 Re8 30. Rd8 Kf7 31. Rd7 Rxb2 32. Rxb7 Rxa2 33.
Re3 b5 34. Rf3+ Kg8 35. Kf1 Rb2 36. Rd7 Rb1+ 37. Ke2 Rb2+ 38. Kd1 Rb1+ 39. Kd2
Rb2+ 40. Kd1 Rb1+ 41. Kd2 Rb2+ 1/2-1/2

[Event "4NCL Online Division 5"]
[Site "online"]
[Date "2020.04.28"]
[Round "4.172"]
[White "Gogia, Abeer"]
[Black "Pordes, Ben"]
[Result "0-1"]
[WhiteElo "1412"]
[BlackElo "1555"]
[PlyCount "120"]
[EventDate "2020.04.28"]
[WhiteTeam "4 Gems"]
[BlackTeam "Uxbridge Knights"]

1. e4 e6 2. d4 d5 3. exd5 exd5 4. c4 Nf6 5. Nc3 Bb4 6. Bd2 O-O 7. c5 Re8+ 8.
Be2 Nc6 9. Nf3 Bg4 10. Be3 Ne4 11. Qc2 h6 12. O-O Bxc3 13. bxc3 Qf6 14. Rfe1
Re6 15. h3 Bh5 16. Rab1 Bg6 17. Bd3 b6 18. cxb6 cxb6 19. Nd2 Rae8 20. Nxe4 Bxe4
21. Bxe4 Rxe4 22. Bd2 Qg6 23. Re3 Na5 24. Rxe4 Rxe4 25. Be3 Nc4 26. Re1 Rxe3
27. Qd1 Rxe1+ 28. Qxe1 Qe4 29. Qd1 a5 30. a4 Qe7 31. Kf1 Qa3 32. Ke2 Qxc3 33.
Qd3 Qxd3+ 34. Kxd3 g5 35. g4 Kg7 36. f3 Kg6 37. Kc3 f5 38. Kd3 fxg4 39. fxg4
Kf6 40. Kc3 Ke6 41. Kd3 Nb2+ 42. Kc3 Nxa4+ 43. Kb3 b5 44. Ka3 Kd6 45. Kb3 Kc6
46. Kc2 b4 47. Kb3 Kb5 48. Kc2 Nb6 49. Kb3 Nc4 50. Ka2 a4 51. Kb1 b3 52. Ka1
Kb4 53. Kb1 Kc3 54. Ka1 a3 55. Kb1 Ne3 56. Ka1 b2+ 57. Kb1 a2+ 58. Kxa2 Kc2 59.
h4 b1=Q+ 60. Ka3 Qb3# 0-1

[Event "4NCL Online Division 5"]
[Site "online"]
[Date "2020.04.28"]
[Round "4.173"]
[White "Foale, Ron"]
[Black "Rizvi, Aysha"]
[Result "1-0"]
[WhiteElo "1532"]
[BlackElo "1255"]
[PlyCount "33"]
[EventDate "2020.04.28"]
[WhiteTeam "Uxbridge Knights"]
[BlackTeam "4 Gems"]

1. e4 c5 2. Nf3 d6 3. c3 d5 4. e5 g6 5. d4 cxd4 6. cxd4 Bg7 7. Nc3 Bf5 8. Qb3
e6 9. Qxb7 Nd7 10. Bb5 Ne7 11. Bg5 Rg8 12. Bf6 Bh6 13. Ng5 Bxg5 14. Bxg5 Qc8
15. Bxd7+ Qxd7 16. Qxa8+ Nc8 17. Bf6 1-0

[Event "4NCL Online Division 5"]
[Site "online"]
[Date "2020.04.28"]
[Round "4.174"]
[White "Rizvi, Zara"]
[Black "Hasan, Abu"]
[Result "0-1"]
[WhiteElo "1076"]
[BlackElo "1405"]
[PlyCount "104"]
[EventDate "2020.04.28"]
[WhiteTeam "4 Gems"]
[BlackTeam "Uxbridge Knights"]

1. d4 c6 2. c4 d5 3. Nc3 e6 4. Bf4 Bb4 5. e3 Bd6 6. Bxd6 Qxd6 7. Bd3 Nf6 8. Nf3
h6 9. O-O Nbd7 10. Qc2 e5 11. Rfe1 e4 12. Nxe4 dxe4 13. Bxe4 Nxe4 14. Qxe4+ Qe7
15. Qd3 O-O 16. d5 Nf6 17. Rad1 Qe4 18. Qd2 Bg4 19. Qe2 c5 20. h3 Bxf3 21. Qxf3
Qxf3 22. gxf3 Rad8 23. e4 b6 24. e5 Nh5 25. Re4 Rfe8 26. Rde1 f5 27. Rh4 g6 28.
Kh2 Kh7 29. f4 Nf6 30. Rg1 Ne4 31. f3 Nd2 32. b3 Nxf3+ 33. Kg3 Nxg1 34. Kf2 g5
35. fxg5 Nxh3+ 36. Rxh3 Rxe5 37. Rxh6+ Kg7 38. Rh5 Kg6 39. Rh6+ Kxg5 40. Rh7
Ra8 41. Kg3 Kg6 42. Rh4 Rg8 43. Kf4 Re4+ 44. Kg3 Rxh4 45. Kxh4 Kf6 46. d6 Ke6
47. d7 Kxd7 48. a3 f4 49. Kh3 f3 50. Kh2 f2 51. Kh1 f1=Q+ 52. Kh2 Qg2# 0-1

[Event "4NCL Online Division 5"]
[Site "online"]
[Date "2020.04.28"]
[Round "4.181"]
[White "Brett, Alex I"]
[Black "Feldman, Keith"]
[Result "1-0"]
[WhiteElo "1480"]
[BlackElo "1330"]
[PlyCount "111"]
[EventDate "2020.04.28"]
[WhiteTeam "Wimbledon 3"]
[BlackTeam "St Albans 4"]

1. d4 Nf6 2. Bg5 e6 3. e4 Be7 4. Nc3 d6 5. Nf3 O-O 6. Bd3 Nbd7 7. O-O b6 8. Re1
e5 9. dxe5 dxe5 10. Bc4 Bb7 11. Nd5 Bxd5 12. Bxd5 Nxd5 13. Qxd5 Bxg5 14. Nxg5
Qxg5 15. Qxd7 c5 16. Rad1 h6 17. Qh3 f5 18. Rd7 f4 19. Qe6+ Kh7 20. f3 Rf6 21.
Qd5 Raf8 22. Rd1 Rg6 23. Rd2 Qh4 24. Qd3 a5 25. Qf1 Rg5 26. Qf2 Qh3 27. Kh1 Qe6
28. b3 Rf6 29. Qf1 Rfg6 30. Qd1 Qc6 31. R2d6 Qc8 32. Rd8 Rxd6 33. Qxd6 Qa6 34.
c4 Qb7 35. Rd7 Rg6 36. Qe7 Qc8 37. Rd8 Qe6 38. Qf8 Rf6 39. Qh8+ Kg6 40. Rg8 Rf7
41. Rd8 Kh5 42. Rd5 Rd7 43. Qa8 Qe7 44. h3 Kh4 45. Qc6 Rb7 46. Qg6 Qg5 47.
Qxg5+ hxg5 48. Rxe5 Rd7 49. Rd5 Rf7 50. Kh2 Rf6 51. Rf5 Re6 52. Rd5 g6 53. g3+
fxg3+ 54. Kg2 Rf6 55. Rd8 Re6 56. Rh8# 1-0

[Event "4NCL Online Division 5"]
[Site "online"]
[Date "2020.04.28"]
[Round "4.182"]
[White "Gemmell, Adam"]
[Black "Kucukyildiz, Alp Tugrul"]
[Result "1-0"]
[WhiteElo "1390"]
[BlackElo "1397"]
[PlyCount "103"]
[EventDate "2020.04.28"]
[WhiteTeam "St Albans 4"]
[BlackTeam "Wimbledon 3"]

1. e4 e6 2. d4 d5 3. exd5 exd5 4. Bd3 Nc6 5. Nf3 Qe7+ 6. Be3 Bg4 7. O-O O-O-O
8. Re1 Qb4 9. b3 Bxf3 10. gxf3 Nf6 11. c4 Qb6 12. a3 a6 13. b4 dxc4 14. Bxc4 g6
15. d5 Nd4 16. Qxd4 Qxd4 17. Bxd4 Bg7 18. Nc3 c6 19. Rac1 Rhg8 20. Ne4 Nxd5 21.
Bxg7 Rxg7 22. Red1 f5 23. Bxd5 Rxd5 24. Rxd5 fxe4 25. fxe4 Re7 26. f3 Kb8 27.
Rd3 Kc7 28. Re1 Re5 29. f4 Rh5 30. Kg2 g5 31. Rh3 Rxh3 32. Kxh3 gxf4 33. Kg4
Kd6 34. Kxf4 Ke6 35. Rg1 Kf6 36. e5+ Ke6 37. Rg7 h5 38. Rxb7 c5 39. bxc5 a5 40.
c6 a4 41. c7 Kd7 42. e6+ Kc8 43. e7 Kxb7 44. e8=Q Kxc7 45. Qe5+ Kc6 46. h4 Kd7
47. Qf6 Kc7 48. Ke5 Kd7 49. Qd6+ Ke8 50. Qc7 Kf8 51. Kf6 Kg8 52. Qg7# 1-0

[Event "4NCL Online Division 5"]
[Site "online"]
[Date "2020.04.28"]
[Round "4.183"]
[White "Selim, Omar"]
[Black "Harris, Stuart"]
[Result "1-0"]
[WhiteElo "1262"]
[BlackElo "1300"]
[PlyCount "49"]
[EventDate "2020.04.28"]
[WhiteTeam "Wimbledon 3"]
[BlackTeam "St Albans 4"]

1. e4 d5 2. exd5 Qxd5 3. Nc3 Qe5+ 4. Be2 Bg4 5. d4 Qe6 6. Be3 Bxe2 7. Qxe2 c6
8. Nf3 Qg6 9. O-O Nd7 10. d5 a6 11. dxc6 Qxc6 12. Nd4 Qc8 13. Bf4 e5 14. Bxe5
Nxe5 15. Qxe5+ Ne7 16. Qe4 g6 17. Rfe1 Qd7 18. Rad1 O-O-O 19. Nb3 Qc6 20. Rxd8+
Kxd8 21. Qd4+ Kc7 22. Qxh8 Qe8 23. Qe5+ Kd8 24. Qb8+ Kd7 25. Rd1+ 1-0

[Event "4NCL Online Division 5"]
[Site "online"]
[Date "2020.04.28"]
[Round "4.191"]
[White "Dunlop, Anthony"]
[Black "Demjan, Bogdan"]
[Result "0-1"]
[WhiteElo "1784"]
[BlackElo "1525"]
[PlyCount "152"]
[EventDate "2020.04.28"]
[WhiteTeam "East Kilbride"]
[BlackTeam "Watford 3"]

1. f4 e5 2. fxe5 Nc6 3. g3 Nxe5 4. d4 Nc6 5. Nf3 Nf6 6. c3 d6 7. Qc2 h6 8. e4
Bg4 9. Nbd2 Qe7 10. Bd3 a6 11. O-O Bh3 12. Re1 O-O-O 13. e5 dxe5 14. Bf5+ Bxf5
15. Qxf5+ Kb8 16. Nxe5 Nxe5 17. Rxe5 Qd6 18. Ne4 Nxe4 19. Rxe4 f6 20. Bf4 Qb6
21. Re2 g5 22. Be3 Qc6 23. Rae1 Rd5 24. Qg6 f5 25. Qxc6 bxc6 26. b4 a5 27. a3
Rd8 28. Bf2 Bd6 29. c4 f4 30. c5 fxg3 31. hxg3 Bxg3 32. Bxg3 Rxd4 33. Re7 Rg4
34. Kh2 axb4 35. Bxc7+ Kc8 36. axb4 Rxb4 37. Bd6 Rb2+ 38. Kg3 h5 39. Ra1 Rb3+
40. Kf2 Rb2+ 41. Ke3 Rb3+ 42. Ke4 Rb8 43. Bxb8 Kxb8 44. Kf5 g4 45. Rg7 Rf8+ 46.
Kg5 g3 47. Kxh5 Rh8+ 48. Kg4 g2 49. Kg3 Rh1 50. Rg8+ Kb7 51. Rg7+ Kb8 52. Kxg2
Rxa1 53. Kf3 Rc1 54. Rg5 Kb7 55. Ke3 Ka6 56. Kd4 Kb5 57. Rg8 Rd1+ 58. Kc3 Kxc5
59. Rg5+ Rd5 60. Rg8 Rh5 61. Rg3 Kb5 62. Rg8 Rh3+ 63. Kd4 c5+ 64. Kd5 Rh5+ 65.
Ke4 Kc4 66. Rb8 Rh4+ 67. Ke5 Kc3 68. Kd5 c4 69. Ke5 Kc2 70. Kf5 c3 71. Kg5 Rd4
72. Kf5 Kd2 73. Ke5 Rd3 74. Ke4 c2 75. Rc8 Rh3 76. Kd4 c1=Q 0-1

[Event "4NCL Online Division 5"]
[Site "online"]
[Date "2020.04.28"]
[Round "4.192"]
[White "Nokes, Oliver"]
[Black "Madhavan, Sanjith"]
[Result "0-1"]
[WhiteElo "1350"]
[BlackElo "1498"]
[PlyCount "94"]
[EventDate "2020.04.28"]
[WhiteTeam "Watford 3"]
[BlackTeam "East Kilbride"]

1. e4 c6 2. d4 d5 3. e5 Bf5 4. Nf3 e6 5. Be2 Nd7 6. O-O Ne7 7. Nbd2 Qc7 8. Nb3
c5 9. dxc5 Nc6 10. Nbd4 Be4 11. Nb5 Qc8 12. Nd6+ Bxd6 13. exd6 Nxc5 14. b4 Bxf3
15. Bxf3 Nd7 16. Bb2 O-O 17. b5 Nce5 18. a4 Nc4 19. Bc3 Ne3 20. Qd4 Nf5 21. Qd2
Rd8 22. Rfe1 Nxd6 23. Rad1 Nc5 24. Qd4 Nf5 25. Qf4 Nxa4 26. Bxg7 Nxg7 27. Qxa4
a6 28. bxa6 Rxa6 29. Qh4 Rad6 30. Be2 e5 31. f4 e4 32. Bb5 Qc5+ 33. Kh1 Qxb5
34. f5 Nxf5 35. Qg5+ Ng7 36. Qe7 Qd7 37. Qe5 Qf5 38. Qe7 R8d7 39. Qh4 Qf6 40.
Qg3 Qg6 41. Qa3 Nf5 42. Qa8+ Kg7 43. Qa1+ Qf6 44. Qc1 Qh4 45. h3 Rg6 46. c4 Qf2
47. Qc3+ d4 0-1

[Event "4NCL Online Division 5"]
[Site "online"]
[Date "2020.04.28"]
[Round "4.193"]
[White "Peakman, Jonlee"]
[Black "Hylands, Keith"]
[Result "1-0"]
[WhiteElo "1217"]
[BlackElo "1382"]
[PlyCount "53"]
[EventDate "2020.04.28"]
[WhiteTeam "East Kilbride"]
[BlackTeam "Watford 3"]

1. d4 Nf6 2. c4 g6 3. Nc3 Bg7 4. e4 d6 5. Be2 O-O 6. Nf3 e5 7. d5 Nbd7 8. Be3
a6 9. O-O b6 10. b4 h6 11. Rc1 Nh7 12. Qd2 g5 13. Ne1 Ndf6 14. c5 b5 15. a4
bxa4 16. Ra1 Bd7 17. c6 Bc8 18. Rxa4 Ng4 19. Nc2 Nxe3 20. Nxe3 Nf6 21. Rfa1 Kh7
22. Bxa6 Bxa6 23. Rxa6 Rb8 24. b5 Nxe4 25. Nxe4 Rxb5 26. Qd3 Rb8 27. Nf6+ 1-0

[Event "4NCL Online Division 5"]
[Site "online"]
[Date "2020.04.28"]
[Round "4.194"]
[White "Ramesh, Karthik R"]
[Black "Shrestha, Unnabh"]
[Result "0-1"]
[WhiteElo "1270"]
[BlackElo "1084"]
[PlyCount "86"]
[EventDate "2020.04.28"]
[WhiteTeam "Watford 3"]
[BlackTeam "East Kilbride"]

1. d4 Nf6 2. c4 c5 3. e3 g6 4. Nc3 Bg7 5. g3 O-O 6. Bg2 d6 7. Nf3 Nbd7 8. O-O
a6 9. d5 b5 10. b3 Ne4 11. Nxe4 Bxa1 12. Bd2 Bg7 13. Bc3 Nb6 14. Bxg7 Kxg7 15.
Qa1+ Kg8 16. Nh4 bxc4 17. bxc4 Nxc4 18. Qc3 Nb6 19. Nd2 Bb7 20. e4 Qc7 21. Qa5
Nxd5 22. Qxc7 Nxc7 23. Rb1 Rfb8 24. Nc4 Bc6 25. Nb6 Ra7 26. e5 Bxg2 27. Kxg2
Rab7 28. Nd7 Rxb1 29. Nxb8 Rxb8 30. Nf3 c4 31. exd6 exd6 32. Nd2 c3 33. Nb3
Rxb3 34. axb3 c2 35. Kf1 c1=Q+ 36. Kg2 d5 37. h4 d4 38. Kh3 d3 39. Kg2 d2 40.
Kh3 d1=Q 41. Kg2 Qd5+ 42. Kh3 Qch1+ 43. Kg4 Qf5# 0-1

[Event "4NCL Online Division 5"]
[Site "online"]
[Date "2020.04.28"]
[Round "4.201"]
[White "Arora, Tashika"]
[Black "Bonner, Dennis M"]
[Result "1-0"]
[WhiteElo "1787"]
[BlackElo "1540"]
[PlyCount "85"]
[EventDate "2020.04.28"]
[WhiteTeam "Oxford 4"]
[BlackTeam "Shropshire 4"]

1. d4 Nf6 2. c4 e6 3. g3 c6 4. Bg2 d5 5. Nf3 Bb4+ 6. Bd2 a5 7. O-O O-O 8. a3
Bxd2 9. Nbxd2 Nbd7 10. e3 b6 11. cxd5 exd5 12. Rc1 Ba6 13. Re1 Rc8 14. Qb3 Re8
15. Rc3 c5 16. Rec1 c4 17. Qd1 b5 18. R3c2 h6 19. b3 Rb8 20. bxc4 bxc4 21. Rb1
Qc7 22. Rc3 Rxb1 23. Qxb1 Rb8 24. Qc1 a4 25. Ne1 Qb6 26. Nc2 Qb2 27. Nb4 Qxc1+
28. Rxc1 Bb7 29. Nb1 Nb6 30. Nc3 Rd8 31. Rb1 Ba8 32. Kf1 Kh7 33. Na6 Rd6 34.
Rb5 Rd7 35. Rxb6 Re7 36. Nc5 Ne4 37. N5xe4 dxe4 38. Rb4 Rc7 39. Rxa4 f5 40.
Rxa8 Rb7 41. Rc8 Rb3 42. Rxc4 Rxa3 43. Bh3 1-0

[Event "4NCL Online Division 5"]
[Site "online"]
[Date "2020.04.28"]
[Round "4.202"]
[White "Birch, James"]
[Black "Hobson, Kenneth"]
[Result "0-1"]
[WhiteElo "1502"]
[BlackElo "1825"]
[PlyCount "60"]
[EventDate "2020.04.28"]
[WhiteTeam "Shropshire 4"]
[BlackTeam "Oxford 4"]

1. c4 Nf6 2. g3 g6 3. Bg2 Bg7 4. Nc3 d6 5. e4 O-O 6. Nge2 e5 7. O-O c6 8. d3
Be6 9. f3 d5 10. cxd5 cxd5 11. d4 exd4 12. Nxd4 dxe4 13. Nxe6 fxe6 14. fxe4 Nc6
15. Qb3 Nd4 16. Qa4 Ng4 17. Rxf8+ Qxf8 18. Bf4 e5 19. h3 exf4 20. hxg4 Qc5 21.
Kh2 fxg3+ 22. Kh1 Qg5 23. Qc4+ Kh8 24. Bh3 Qd2 25. Bg2 Qh6+ 26. Kg1 Qh2+ 27.
Kf1 Rf8+ 28. Ke1 Qxg2 29. Rc1 Nf3+ 30. Kd1 Qd2# 0-1

[Event "4NCL Online Division 5"]
[Site "online"]
[Date "2020.04.28"]
[Round "4.203"]
[White "Hameed, Asif"]
[Black "Holyhead, James"]
[Result "1-0"]
[WhiteElo "1768"]
[BlackElo "1330"]
[PlyCount "37"]
[EventDate "2020.04.28"]
[WhiteTeam "Oxford 4"]
[BlackTeam "Shropshire 4"]

1. e4 c6 2. d4 d5 3. Nc3 dxe4 4. Nxe4 Nf6 5. Nxf6+ exf6 6. Bc4 Bd6 7. Nf3 O-O
8. O-O Re8 9. Nh4 Bc7 10. Bxf7+ Kxf7 11. Qh5+ Kg8 12. Be3 Qd6 13. Qxe8+ Qf8 14.
Qh5 Na6 15. Rae1 Bd7 16. c3 c5 17. Qd5+ Qf7 18. Qxb7 Nb8 19. Qxc7 1-0

[Event "4NCL Online Division 5"]
[Site "online"]
[Date "2020.04.28"]
[Round "4.204"]
[White "Hollands, Sam"]
[Black "Neatherway, A Philip"]
[Result "0-1"]
[WhiteElo "1180"]
[BlackElo "1798"]
[PlyCount "78"]
[EventDate "2020.04.28"]
[WhiteTeam "Shropshire 4"]
[BlackTeam "Oxford 4"]

1. c4 e5 2. g3 Nf6 3. Nc3 Nc6 4. Bg2 d6 5. d3 g6 6. Nf3 Bg7 7. O-O O-O 8. a3 a5
9. b3 e4 10. Ng5 exd3 11. Qxd3 h6 12. Nf3 Bf5 13. Qd2 Ne4 14. Nxe4 Bxa1 15. Nc3
Qf6 16. Bb2 Bxb2 17. Qxb2 Qg7 18. Rb1 Bxb1 19. Qxb1 Qxc3 20. Nh4 Qf6 21. Be4
Kg7 22. f4 Rfe8 23. f5 Qd4+ 24. Kf1 Qxe4 25. Qxe4 Rxe4 26. Kf2 Rxh4 27. gxh4
gxf5 28. h5 Re8 29. e3 Ne5 30. h3 Kf6 31. Kg3 a4 32. bxa4 Nxc4 33. h4 Rxe3+ 34.
Kf4 Re4+ 35. Kf3 Ke5 36. Kg3 Nd2 37. Kf2 Kf4 38. Kg1 Kg3 39. Kh1 Re1# 0-1

[Event "4NCL Online Division 5"]
[Site "online"]
[Date "2020.04.28"]
[Round "4.211"]
[White "Will, Douglas"]
[Black "Dhemrait, Surjit S"]
[Result "1-0"]
[WhiteElo "1828"]
[BlackElo "1518"]
[PlyCount "47"]
[EventDate "2020.04.28"]
[WhiteTeam "Grangemouth Giants"]
[BlackTeam "Harrow 4"]

1. e4 e5 2. Nc3 Bb4 3. f4 exf4 4. Nf3 d6 5. Bc4 Bg4 6. O-O Nf6 7. h3 Bh5 8. a3
Bc5+ 9. d4 Bb6 10. Bxf4 Nc6 11. Be3 Qe7 12. Qd3 O-O-O 13. d5 Bxf3 14. dxc6 Bxe4
15. Nxe4 Bxe3+ 16. Qxe3 Qxe4 17. Qxe4 Nxe4 18. cxb7+ Kb8 19. Rxf7 g6 20. Re1
Nc5 21. Ree7 Kxb7 22. Rxc7+ Kb6 23. b4 d5 24. bxc5+ 1-0

[Event "4NCL Online Division 5"]
[Site "online"]
[Date "2020.04.28"]
[Round "4.212"]
[White "Nettleton, Robin"]
[Black "Sandham, Alasdair"]
[Result "0-1"]
[WhiteElo "1487"]
[BlackElo "1361"]
[PlyCount "94"]
[EventDate "2020.04.28"]
[WhiteTeam "Harrow 4"]
[BlackTeam "Grangemouth Giants"]

1. d4 d5 2. Bf4 Nf6 3. e3 c5 4. c3 Qb6 5. Qc2 e6 6. Nf3 Be7 7. Be2 O-O 8. O-O
Nc6 9. Nbd2 Bd7 10. Ne5 Rac8 11. Ndf3 cxd4 12. Nxd7 Nxd7 13. exd4 Nf6 14. Ne5
Nxd4 15. Be3 Nxc2 16. Bxb6 Nxa1 17. Rxa1 axb6 18. Bb5 Bd6 19. Nf3 Rc5 20. a4
Ne8 21. Kf1 Nc7 22. Nd4 Ra8 23. Ra3 Rxb5 24. b4 Bxb4 25. cxb4 Rxb4 26. Nc2
Rbxa4 27. Rc3 Rc4 28. Rxc4 dxc4 29. Ke2 Ra2 30. Kd2 Rxc2+ 31. Kxc2 f5 32. Kc3
b5 33. f3 Kf7 34. g3 Kf6 35. h3 Ke5 36. Kc2 Kd4 37. Kd2 b4 38. Kc2 b3+ 39. Kb2
Kd3 40. f4 c3+ 41. Kxb3 Kd2 42. g4 fxg4 43. hxg4 c2 44. f5 exf5 45. gxf5 c1=Q
46. f6 gxf6 47. Kb4 Nd5+ 0-1

[Event "4NCL Online Division 5"]
[Site "online"]
[Date "2020.04.28"]
[Round "4.213"]
[White "Fowler, David A"]
[Black "Dilukshan, Manoharan"]
[Result "0-1"]
[WhiteElo "1161"]
[BlackElo "1480"]
[PlyCount "118"]
[EventDate "2020.04.28"]
[WhiteTeam "Grangemouth Giants"]
[BlackTeam "Harrow 4"]

1. e4 e5 2. Nf3 Nc6 3. c3 Nf6 4. d4 d6 5. d5 Ne7 6. Be3 g6 7. Be2 Bg7 8. Nbd2
O-O 9. h3 b6 10. O-O Bb7 11. c4 Nd7 12. b4 f5 13. Ng5 f4 14. Ne6 Qc8 15. Nxf8
fxe3 16. fxe3 Nxf8 17. Bg4 Qd8 18. Qf3 Qe8 19. Qg3 Bc8 20. Nf3 Bh6 21. Rad1
Bxe3+ 22. Kh1 Bf4 23. Qh4 h5 24. Bxc8 Rxc8 25. Rd3 Nh7 26. Qf2 Ng5 27. Nxg5
Bxg5 28. Rf3 Bh6 29. g4 Bf4 30. gxh5 g5 31. Qg2 Qxh5 32. R1f2 Ng6 33. Qg4 Qxg4
34. hxg4 Kg7 35. Rh2 Bxh2 36. Kxh2 Rh8+ 37. Kg1 Rh4 38. Rg3 Nf4 39. Kf2 Rh2+
40. Ke3 Rxa2 41. Rg1 Rc2 42. Ra1 Rxc4 43. Rxa7 Kf7 44. Kf3 Ke7 45. Ra8 Kf7 46.
Rd8 Rc3+ 47. Kf2 Nd3+ 48. Ke2 Nxb4 49. Rd7+ Kf6 50. Rd8 Na6 51. Rf8+ Kg7 52.
Ra8 Nc5 53. Kd2 Nxe4+ 54. Ke2 Nf6 55. Kd2 Rc5 56. Ke2 Nxg4 57. Ra4 Nf6 58. Ke3
Nxd5+ 59. Ke4 Nc3+ 0-1

[Event "4NCL Online Division 5"]
[Site "online"]
[Date "2020.04.28"]
[Round "4.214"]
[White "Walker, David J R"]
[Black "Whitton, Nicholas"]
[Result "1-0"]
[WhiteElo "1285"]
[BlackElo "1032"]
[PlyCount "29"]
[EventDate "2020.04.28"]
[WhiteTeam "Harrow 4"]
[BlackTeam "Grangemouth Giants"]

1. d4 d5 2. c4 e6 3. Nc3 Nf6 4. Nf3 Nc6 5. Bg5 h6 6. Bh4 dxc4 7. e3 Bb4 8. Bxc4
O-O 9. O-O Bxc3 10. bxc3 a6 11. Bb3 Na5 12. Bc2 b5 13. Qd3 Nc4 14. Bxf6 Qxf6
15. Qh7# 1-0

[Event "4NCL Online Division 5"]
[Site "online"]
[Date "2020.04.28"]
[Round "4.221"]
[White "Adiraju, Sumukh"]
[Black "Pillay, Shriya"]
[Result "0-1"]
[WhiteElo "700"]
[BlackElo "1532"]
[PlyCount "74"]
[EventDate "2020.04.28"]
[WhiteTeam "BBC Foxes"]
[BlackTeam "Warwickshire Bears C"]

1. e4 e5 2. Nf3 Nc6 3. d4 exd4 4. Bc4 Bc5 5. c3 dxc3 6. Bxf7+ Kf8 7. Bxg8 Rxg8
8. Nxc3 h6 9. O-O d6 10. Bf4 Bg4 11. h3 Bh5 12. g4 Bg6 13. Re1 Ne7 14. e5 d5
15. e6 Bb4 16. Qe2 Bxc3 17. bxc3 Ke8 18. Rad1 Rf8 19. Be5 Be4 20. Kg2 Bxf3+ 21.
Qxf3 Rxf3 22. Kxf3 Kf8 23. c4 Ng6 24. Bf4 Qf6 25. Rxd5 Qxf4+ 26. Ke2 Qxc4+ 27.
Rd3 Nf4+ 28. Kf3 Qxd3+ 29. Kxf4 Qd2+ 30. Kf5 Qxe1 31. e7+ Qxe7 32. f4 Qf6+ 33.
Ke4 Re8+ 34. Kf3 Qc3+ 35. Kf2 Rd8 36. Kg2 Rd2+ 37. Kg1 Qc1# 0-1

[Event "4NCL Online Division 5"]
[Site "online"]
[Date "2020.04.28"]
[Round "4.222"]
[White "Agrawal, Ansh"]
[Black "Tran, Le Gia Khuong"]
[Result "1-0"]
[WhiteElo "1472"]
[BlackElo "700"]
[PlyCount "55"]
[EventDate "2020.04.28"]
[WhiteTeam "Warwickshire Bears C"]
[BlackTeam "BBC Foxes"]

1. d4 d5 2. c4 Bf5 3. Nc3 e6 4. Nf3 dxc4 5. e4 Bg6 6. Bxc4 Bb4 7. e5 Bxc3+ 8.
bxc3 Nh6 9. Bxh6 gxh6 10. Qb3 b6 11. d5 exd5 12. Bxd5 c6 13. Bc4 b5 14. Be2 O-O
15. O-O Re8 16. Rfe1 Be4 17. Rad1 Qc8 18. Rd4 Bd5 19. Qc2 Bxf3 20. Bxf3 c5 21.
Rd6 Nd7 22. Bxa8 Nxe5 23. Be4 Nf3+ 24. gxf3 Kh8 25. Rxh6 Rg8+ 26. Kh1 Rg7 27.
Bxh7 Qh3 28. Rxh3 1-0

[Event "4NCL Online Division 5"]
[Site "online"]
[Date "2020.04.28"]
[Round "4.223"]
[White "Panunzio, Jacopo"]
[Black "Johal, Amrissa Kaur"]
[Result "0-1"]
[WhiteElo "700"]
[BlackElo "1382"]
[PlyCount "116"]
[EventDate "2020.04.28"]
[WhiteTeam "BBC Foxes"]
[BlackTeam "Warwickshire Bears C"]

1. e4 e5 2. Nf3 Nc6 3. Nc3 Bb4 4. Bc4 h6 5. O-O Nf6 6. d3 d6 7. Nb5 a6 8. a3
axb5 9. Bxb5 Bc5 10. Bxc6+ bxc6 11. Be3 Bxe3 12. fxe3 c5 13. b4 cxb4 14. axb4
Rxa1 15. Qxa1 O-O 16. c4 Be6 17. c5 Qd7 18. cxd6 cxd6 19. Qa5 Qb7 20. d4 exd4
21. exd4 Qxe4 22. b5 Qb7 23. b6 Rb8 24. Ng5 hxg5 25. Rb1 Nd5 26. Qb5 Qxb6 27.
Qxb6 Rxb6 28. Ra1 Rb8 29. Ra7 Nb4 30. g3 Nd3 31. Kf1 Nb4 32. h4 gxh4 33. gxh4
Nc6 34. Ra6 Nxd4 35. Rxd6 Nf5 36. h5 Ng3+ 37. Kg2 Nxh5 38. Kf3 Nf6 39. Kf4 Re8
40. Kg5 Ne4+ 41. Kf4 Nxd6 42. Ke5 Nf5 43. Ke4 g5 44. Kf3 Nd4+ 45. Kg3 f5 46.
Kh3 g4+ 47. Kg3 Rf8 48. Kf4 Ne2+ 49. Ke3 Nc3 50. Kf4 Nd5+ 51. Kg3 f4+ 52. Kg2
f3+ 53. Kg3 f2 54. Kg2 f1=Q+ 55. Kg3 Qf3+ 56. Kh4 Qh3+ 57. Kg5 Rf5+ 58. Kg6
Qh5# 0-1

[Event "4NCL Online Division 5"]
[Site "online"]
[Date "2020.04.28"]
[Round "4.224"]
[White "Amir, Zain"]
[Black "Wang, Mark"]
[Result "1-0"]
[WhiteElo "1390"]
[BlackElo "700"]
[PlyCount "73"]
[EventDate "2020.04.28"]
[WhiteTeam "Warwickshire Bears C"]
[BlackTeam "BBC Foxes"]

1. c4 e5 2. Nc3 Qh4 3. e3 d6 4. g3 Qd8 5. Bg2 Nc6 6. Nge2 Nf6 7. O-O Bf5 8. d3
Qd7 9. e4 Bg4 10. Be3 Bxe2 11. Qxe2 O-O-O 12. a4 Nd4 13. Bxd4 exd4 14. Nd5 Nxd5
15. cxd5 Re8 16. Qc2 c6 17. dxc6 bxc6 18. Rfc1 Be7 19. Qxc6+ Qxc6 20. Rxc6+ Kd7
21. Rac1 Bg5 22. Rc7+ Kd8 23. R1c2 d5 24. Rxa7 dxe4 25. Bxe4 f5 26. Bxf5 Re1+
27. Kg2 Re5 28. Ra8+ Ke7 29. Rc7+ Kf6 30. Rxh8 Kxf5 31. Rxh7 Bf6 32. Rf7 g5 33.
Rh6 Ra5 34. Rhxf6+ Kg4 35. f3+ Kh5 36. g4+ Kh4 37. Rh6# 1-0

[Event "4NCL Online Division 5"]
[Site "online"]
[Date "2020.04.28"]
[Round "4.231"]
[White "Gardner, Phillip K"]
[Black "George, Seb"]
[Result "1-0"]
[WhiteElo "1846"]
[BlackElo "1187"]
[PlyCount "43"]
[EventDate "2020.04.28"]
[WhiteTeam "Sheffield Deaf"]
[BlackTeam "Watford Juniors B"]

1. e4 e5 2. Nf3 Nf6 3. d4 exd4 4. e5 Qe7 5. Be2 Ng4 6. Qxd4 Qb4+ 7. c3 c5 8.
Qf4 Qxf4 9. Bxf4 Nc6 10. Nbd2 g5 11. Bxg5 Ngxe5 12. Nxe5 Nxe5 13. Bf6 Ng6 14.
Bxh8 Nxh8 15. Bf3 Ng6 16. O-O Ne7 17. Rfe1 Kd8 18. Ne4 Ng6 19. Ng5 f6 20. Nxh7
Be7 21. Rad1 d6 22. Nxf6 1-0